000 00917nam a2200277Ia 4500
003 OSt
005 20220926032418.0
006 a|||||r|||| 00| 0
007 ta
008 220923b |||||||| |||| 00| 0 eng d
020 _a9783319580388
_c5903.21
037 _b872, 27/01/2020, RESEARCH INDIA PRESS
_cGeneral Book
040 _aRTL
_cRTL
_beng
041 _2eng
_aeng
082 _aU:(D6,9(B), Q9
100 _aKUMAR Dilip
_9337365
245 0 _aSpacial information technology for sustainable development goals.
260 _aSwitzerland
_bSpringer
_c2019
300 _axxiii,243p.
_ccm.
490 _aSustainable Development Goals Series
650 _aGeography
700 _a KAUR Ranjeet
_9337366
700 _a SINGH R B
_9257398
942 _hU:(D6,9(B), Q9
_cGB
_2CC
999 _c654646
_d654646